| 000 | 00825nam a2200253 i 4500 | ||
|---|---|---|---|
| 001 | 8400 | ||
| 003 | ES-MaACL | ||
| 005 | 20250313063301.0 | ||
| 007 | t| | ||
| 008 | 920616s1991 sp ||||1| spa d | ||
| 020 | _a84-7517-341-1 | ||
| 080 | _a83-14.5"17" | ||
| 080 | _a83(Shiller,F.3.02) | ||
| 100 | 1 |
_aSchiller, Friedrich, _d1759-1805 _9104361 |
|
| 245 | 1 | 0 |
_aPoesía filosófica / _cFriedrich Schiller ; traducción y estudio introductorio de Daniel Innerarity. |
| 250 | _aEdición bilingüe. | ||
| 260 |
_aMadrid : _bHiperión, _cD.L. 1991. |
||
| 300 |
_a173 p. : _bretrato del autor ; _c20 cm. |
||
| 490 | 1 |
_aPoesía Hiperión ; _v186 |
|
| 700 | 1 |
_aInnerarity, Daniel. _965324 |
|
| 830 | 0 |
_aPoesía Hiperión ; _v186 _9177326 |
|
| 852 |
_aES-MaACL _jL-15818 _bR.120378 |
||
| 999 |
_c8400 _d8400 |
||